Loading...
| History - American | 0 | 2 | 0 | 0 | 20 | 64 | 74.50 | 0 | 0 | 7.13 | 7.27 |
| Science - Other | 0 | 2 | 0 | 0 | 20 | 95 | 112.00 | 0 | 0 | 2.61 | 7.27 |
| Science - Physics | 0 | 2 | 0 | 0 | 20 | 62 | 70.50 | 0 | 2 | 7.53 | 14.32 |
| Literature - World | 0 | 1 | 0 | 1 | 10 | 142 | 142.00 | 0 | 0 | 0.00 | 1.82 |
| Fine Arts - Painting and Sculpture | 0 | 1 | 0 | 1 | 10 | 115 | 115.00 | 0 | 0 | 0.08 | 3.41 |
| History - World | 0 | 1 | 0 | 0 | 10 | 102 | 102.00 | 0 | 0 | 1.23 | 3.64 |
| Literature - British | 0 | 1 | 0 | 0 | 10 | 140 | 140.00 | 0 | 0 | 0.31 | 1.82 |
| Mythology | 0 | 1 | 0 | 0 | 10 | 109 | 109.00 | 0 | 0 | 1.91 | 1.82 |
| Philosophy | 0 | 1 | 0 | 0 | 10 | 115 | 115.00 | 0 | 1 | 0.73 | 7.95 |
| Science - Biology | 0 | 1 | 0 | 0 | 10 | 102 | 102.00 | 0 | 0 | 1.03 | 3.64 |
| Science - Chemistry | 0 | 1 | 0 | 0 | 10 | 116 | 116.00 | 0 | 0 | 0.45 | 4.55 |
| Fine Arts - Classical Music | 0 | 1 | 1 | 0 | 5 | 112 | 112.00 | 0 | 0 | 0.00 | 0.91 |
| Literature - American | 0 | 0 | 0 | 0 | 0 | 0.00 | 0 | 0 | 0.00 | 0.00 | |
| Fine Arts - Other | 0 | 0 | 0 | 0 | 0 | 0.00 | 0 | 0 | 0.00 | 0.00 | |
| History - European | 0 | 0 | 1 | 0 | -5 | 0.00 | 0 | 0 | 0.00 | 0.00 | |
| Other Academic | 0 | 0 | 1 | 0 | -5 | 0.00 | 0 | 0 | 0.00 | 0.00 |